Extremely Fast Typing - Animals - Statistics

General Stats
  • This quiz has been taken 152 times
  • The average score is 20 of 45
Answer Stats
Animal Animal % Correct
cat cat
100%
dog dog
99%
bird bird
98%
snake snake
98%
spider spider
96%
parrot parrot
95%
dolphin dolphin
94%
fish fish
94%
shark shark
94%
whale whale
93%
butterfly butterfly
88%
eel eel
88%
penguin penguin
85%
alligator alligator
78%
crocodile crocodile
74%
hummingbird hummingbird
65%
gorilla gorilla
63%
giraffe giraffe
55%
sheep sheep
51%
lamb lamb
50%
giant panda giant panda
45%
red panda red panda
39%
leopard leopard
30%
tiger tiger
28%
puma puma
26%
panther panther
23%
lion lion
21%
lioness lioness
19%
kangaroo kangaroo
18%
koala koala
16%
vulture vulture
15%
peacock peacock
14%
antelope antelope
11%
elk elk
8%
reindeer reindeer
8%
cheetah cheetah
6%
monkey monkey
5%
chimpanzee chimpanzee
4%
sloth sloth
3%
bumblebee bumblebee
0%
parakeet parakeet
0%
rabbit rabbit
0%
rattlesnake rattlesnake
0%
turtle turtle
0%
worm worm
0%
No matching quizzes found
Score Distribution
Percent of People with Each Score
Percentile by Number Answered
Your Score History
You have not taken this quiz